Introductory Circuit Analysis /
Contenido: Introducción; Corriente y voltaje; Resistencia; Ley de Ohm, poder y energía; Circuitos en serie; Circuitos paralelos; Redes de series paralelas; Métodos de análisis y temas selectos; Teoremas de redes; Capacitores; Circuitos magnéticos; Inductores; Formas de onda alternas sinusoidales; El...
Gardado en:
| Autor Principal: | |
|---|---|
| Formato: | Libro |
| Idioma: | inglés |
| Publicado: |
Upper Saddle River, EUA :
Prentice-Hall,
2003, c2003
|
| Edición: | 10a edición |
| Temas: | |
| Etiquetas: |
Sen Etiquetas, Sexa o primeiro en etiquetar este rexistro!
|
MARC
| LEADER | 00000nam^a2200000^a^4500 | ||
|---|---|---|---|
| 001 | 000152799 | ||
| 005 | 20250521000000.0 | ||
| 009 | 20260310100258.755 | ||
| 020 | |a 0-13-097417-X | ||
| 037 | |a Acervo ITESO - Biblioteca | ||
| 041 | |a ING | ||
| 082 | |a 621. 3192 |b BOY | ||
| 100 | |a Boylestad, Robert L. |e (autor) | ||
| 240 | 1 | 1 | |a [Análisis introductorio de circuitos] |
| 245 | 1 | 0 | |a Introductory Circuit Analysis / |c R.L. Boylestad. |
| 250 | |a 10a edición | ||
| 264 | 4 | |a Upper Saddle River, EUA : |b Prentice-Hall, |c 2003, c2003 | |
| 300 | |a XVI, 1228 p. + |e 1 disco compacto de computadora | ||
| 336 | |a texto |b txt |2 rdacontenido | ||
| 337 | |a sin mediación |b n |2 rdamedio | ||
| 338 | |a volumen |b nc |2 rdasoporte | ||
| 520 | |a Contenido: Introducción; Corriente y voltaje; Resistencia; Ley de Ohm, poder y energía; Circuitos en serie; Circuitos paralelos; Redes de series paralelas; Métodos de análisis y temas selectos; Teoremas de redes; Capacitores; Circuitos magnéticos; Inductores; Formas de onda alternas sinusoidales; Elementos básicos y vectores de corriente; Series y circuitos paralelos de corriente alterna; Redes de corriente alterna serie-paralelo; Métodos de análisis y temas selectos de corriente alterna; Teoremas de redes de corriente alterna; Poder (corriente alterna); Resonancia; Transformadores; Sistemas polifacéticos; Decibles, filtros y gráfico de Bode; Forma de onda de pulso y la respuesta R-C; Circuitos no sinusoidales; Análisis de sistemas: introducción. | ||
| 649 | |a XX | ||
| 650 | |a Circuitos Eléctricos - |x Análisis - |x Tema Principal | ||
| 650 | |a Circuitos Eléctricos - |x Proceso de Datos | ||
| 650 | |a Circuitos Eléctricos - |x Tema Principal | ||
| 650 | |a Corrientes Eléctricas - |x Teoría | ||
| 650 | |a Redes Eléctricas | ||
| 650 | |a Paquetes (Software) | ||
| 650 | |a Ingeniería Eléctrica | ||
| 910 | |a Fondo General | ||
| 920 | |a Impresos - Libros | ||
| 930 | |a Colección General | ||
| 905 | |a 101 | ||
| 901 | |a 0500082217 |b IT1 |c ACC |u 20250521 | ||
| 901 | |a 0500173918 |b IT2 |c SWS |u 20250521 | ||
| 902 | |a https://opac.biblio.iteso.mx/vufind/Record/000152799 | ||